000 00330nam a2200121Ia 4500
008 180117s9999 xx 000 0 und d
100 _aby AA Patawaran
245 _aWrite Here Write Now
260 _c2017
300 _a20-22 pages, 2017 May 28
440 _aPhilippine Panorama
650 _aCAR VISCOTTI AND THE PATHS OF ANGELS
999 _c353489
_d353489